00500nam a22001697a 450000500170000001000310001702000260004803500310007403700250010503700210013008200060015110000260015724500350018326000350021827000580025330000190031120120511120356.0 aB-445883-901 B-462514-518 a9780143065838c399.00 aB-445883-901 B-462514-518 adplbAllied Pub /Ven adplbK.K.Pub/Ven aN aTagore, Rabindernath  aGora /cby Rabindernath Tagore aNew DelhibPenguin Booksc2009 a11 community centre Pancheel parkb New Delhie110017 axxv,517pc19cm